|
|
|
|
| LEADER |
00000nab a2200000 ar4500 |
| 001 |
vtls008620811 |
| 003 |
SK-MaSNL |
| 005 |
20260303071914.0 |
| 008 |
060207c20060107xo dr|p|||||||000 b|slo |
| 015 |
|
|
|a SNBRB2006/01
|2 snkbucl
|
| 038 |
|
|
|a SNKBUCL
|
| 040 |
|
|
|a SNKBUCL
|b slo
|c SNKBUCL
|e AACR2
|
| 041 |
0 |
|
|a slo
|
| 044 |
|
|
|a xo
|c SK
|
| 080 |
|
|
|a 796.966.093.1
|2 UDC-MRF-SK2
|
| 100 |
1 |
|
|a Weiszová, Iveta
|4 aut
|9 856393
|
| 245 |
1 |
0 |
|a Na Lašáka recept nenašli a skončili
|c z Petrohradu od našej redaktorky Ivety Weiszovej
|
| 300 |
|
|
|b Fotogr.
|
| 611 |
2 |
7 |
|a Európsky pohár majstrov
|d (2006 :
|c Petrohrad, Rusko)
|2 snkbucl
|9 1071192
|
| 650 |
0 |
7 |
|a ľadový hokej
|2 snkbucl
|9 3231
|
| 773 |
0 |
|
|t Šport
|g Roč. 60, č. 5 (7.1.2006), s. 9
|x 0139-7001
|
| 852 |
|
|
|a SNK
|b KIS3GCP
|
| 999 |
|
|
|c 1761908
|d 1763838
|